000 02082nam0a2200409 4500
001 RU\NLR\BIBL_A\011374611
005 20260408111446.0
020 _aRU
_b1924
_9Сводный каталог листовок первых лет Советской власти (25 октября (7 ноября) 1917 - 1925) Т.1. Листовки высших органов государственной власти и управления, центральных партийных, профсоюзных, комсомольских и других организаций. Ч.1.-2
035 _a(NLR Aleph) 011374611
090 _a11370456
_c11370456
100 _a20170426d1923 |||y0rusy50 ca
101 0 _arus
102 _aRU
105 _ay z 000zy
135 _acrcn 024anaba
200 1 _aВыборы в Советы
_e[листовка]
210 _a[М.]
_cТип. ЦК РСДРП
_d[1923]
215 _a1 с.
_d24х14
300 _aВ надзаг.: РСДРП
300 _aПодпись: Бюро Центрального Комитета РСДРП
300 _aОбращение: Ко всем рабочим, ко всем трудящимся России
325 _aКопия доступна в электронной библиотеке РНБ
327 1 _aПризыв не голосовать за кандидатов РКП (б)
540 1 _aПризыв не голосовать за кандидатов РКП (б)
607 _aРСФСР
_jЛистовки
_xПолитика и управление
_y1917 - 1925
_92312782
_3RU\NLR\auth\6601609564
686 0 _aТ3(2)71-313,011
686 1 _aФ61(2)271.2,011
711 0 2 _aРСДРП
_bЦК
_bБюро
_3RU\NLR\AUTH\880357621
_9382756
852 0 0 _aNLR
_bФЛ
_j70/104
942 _cBOOK
980 _aNB
981 2 1 _a(21) Листовки
_b(21) Листовки 1923 года